Education and training for industrial management: a critical survey (Record no. 430802)

000 -LEADER
fixed length control field 00428cam a22001217a 4500
008 - FIXED-LENGTH DATA ELEMENTS--GENERAL INFORMATION
fixed length control field 180718b1955 xxu||||| |||| 00| 0 eng d
082 ## - DEWEY DECIMAL CLASSIFICATION NUMBER
Classification number T2508x42 Si32
100 ## - MAIN ENTRY--PERSONAL NAME
Personal name Silberston, Aubrey
245 ## - TITLE STATEMENT
Title Education and training for industrial management: a critical survey
Statement of responsibility, etc. by Aubrey Silberston
260 ## - PUBLICATION, DISTRIBUTION, ETC.
Place of publication, distribution, etc. London
Name of publisher, distributor, etc. Management Publications Limited
Date of publication, distribution, etc. 1955
300 ## - PHYSICAL DESCRIPTION
Extent vii, 101p.
650 ## - SUBJECT ADDED ENTRY--TOPICAL TERM
Topical term or geographic name entry element Industrial management --Study and teaching
Holdings
Withdrawn status Lost status Damaged status Not for loan Permanent Location Current Location Date acquired Full call number Barcode Date last seen Price effective from Koha item type
        Indian Institute of Public Administration Indian Institute of Public Administration 2010-01-13 T2508x42 Si32 2423 2018-07-21 2018-07-21 Book

Powered by Koha